A tánc közösségformáló ereje, a jelenkori budapesti kortárs táncszférában

Bibliographic Details
Main Author: Tátrai Réka
Other Authors: Szokács Dr. Kinga
Format: Thesis
Kulcsszavak:kapcsolódás
kortárstánc
közösség
közösségfejlesztés
közösségi tánc
nonverbális kommunikáció
táncterápia
Online Access:http://dolgozattar.uni-bge.hu/60247

MARC

LEADER 00000nta a2200000 i 4500
001 dolg60247
005 20260409150205.0
008 260409suuuu hu om 000 hun d
040 |a BGE Dolgozattár Repozitórium  |b hun 
041 |a hu 
100 1 |a Tátrai Réka 
245 1 2 |a A tánc közösségformáló ereje, a jelenkori budapesti kortárs táncszférában  |c Tátrai Réka  |h [elektronikus dokumentum] 
520 3 |a Dolgozatom a tánc közösségformáló erejét kutatja és annak a gyakorlatban történő megvalósulását példázza. Ehhez fő forrásaként Diane Amans et. al An Introduction to Community Dance Practice (2008) című munkája szolgált, ami az Egyesült Királyságban használatos „community dance” kifejezést hivatott bemutatni. Az ottani szakma nemzeti és nemzetközi bevonással szervezeti szinten foglalkozik a gyakorlatok támogatásával és a diszkurzus fenntartásával. Ezt alapul véve kísérleti jelleggel lefordítottam a kifejezést „közösségi tánc”-ra, majd itthoni példákon keresztül vizsgáltam annak jelenlétét. Kutatási területem kifejezetten a budapesti szabadon látogatható kortárs tánc eseményekre koncentrálódott, amelyekben megjelenik a közösségi élményszerzés lehetősége. Kétfelől vizsgálódtam, egyrészt interjús módszerrel általam ismert kortárs tánc csoportveztőket kérdeztem közösségszervezői munkásságukról, személyes tapasztalataikról, másrészt kérdőívvel résztvevőket kérdeztem a kapcsolódás és a közösség meglétéről, illetve abban a táncnak betöltött szerepéről. 
695 |a kapcsolódás 
695 |a kortárstánc 
695 |a közösség 
695 |a közösségfejlesztés 
695 |a közösségi tánc 
695 |a nonverbális kommunikáció 
695 |a táncterápia 
700 1 |a Szokács Dr. Kinga  |e ths 
856 4 0 |u http://dolgozattar.uni-bge.hu/60247/1/A%20T%C3%A1nc%20k%C3%B6z%C3%B6ss%C3%A9gform%C3%A1l%C3%B3%20ereje%20-%20T%C3%A1traiR%C3%A9ka%20%281%29.pdf  |z Dokumentum-elérés 
856 4 0 |u http://dolgozattar.uni-bge.hu/60247/2/Szakdolgozat%20b%C3%ADr%C3%A1lat_TatraiReka_PA.pdf  |z Dokumentum-elérés 
856 4 0 |u http://dolgozattar.uni-bge.hu/60247/3/T%C3%A1trai_R%C3%A9ka_KSZ_szok%C3%A1cskinga.pdf  |z Dokumentum-elérés